• 首页
  • 本馆介绍
  • 公告通知
  • 最新文献
  • 馆藏检索
  • 电子资源
  • 读者导购
  • 参考咨询
  • 我的图书馆
  • 登录
  • 详细信息显示
  • 放入我的书架
  • 预约/预借图书
  • 作者相关作品
  • 分类相关作品
  • 丛书相关作品
  • 出版社相关作品

书目信息

  • 表格格式
  • 工作单格式
  • 卡片格式
题名:
不可不知的文化常识全集
    
 
作者: 董志龙 编著
分册:  
出版信息: 北京   团结出版社  2008.01
页数: 343页
开本: 26cm
丛书名: 文化修养文丛
单 册:
中图分类: G11
科图分类:
主题词: 文化--世界
电子资源:
ISBN: 978-7-80214-371-5
000 00638nam0 2200217 450
001 0859510037
005 20081211150109.31
010    @a978-7-80214-371-5@dCNY38.00
100    @a20081210d2008 km y0chiy0120 ea
101 0  @achi
102    @aCN@b110000
200 1  @a不可不知的文化常识全集@Abu ke bu zhi de wen hua chang shi quan ji@f董志龙编著@Fdong zhi long bian zhu
210    @a北京@c团结出版社@d2008.01
215    @a343页@d26cm
225 2  @a文化修养文丛
410  0 @12001 @a文化修养文丛
606 0  @a文化@y世界
690    @aG11@v4
701  0 @a董志龙@Adong zhi long@4编著
801  0 @aCN@bNISOFT@c20081211
905    @aBZT@dG11@e2@f5
    
    不可不知的文化常识全集/董志龙编著.-北京:团结出版社,2008.01
    343页;26cm.-(文化修养文丛)
    
    
    ISBN 978-7-80214-371-5:CNY38.00
    
●
相关链接 在五车中查询图书 在当当中查询图书 在豆瓣中查询图书


正题名:不可不知的文化常识全集     索取号:G11/2         预约/预借

序号 登录号 条形码 馆藏地/架位号 状态 备注
1 0689502   2000689502   样本书库/样001架A面1层3列/ [索取号:G11/2] 在馆    
2 0689503   2000689503   中心书库北库/ 北库033架B面1列6层24/ [索取号:G11/2] 在馆    
3 0689504   2000689504   中心书库北库/ 北库033架B面1列6层22/ [索取号:G11/2] 在馆    
4 0689505   2000689505   中心书库北库/ 北库033架B面1列6层21/ [索取号:G11/2] 在馆    
5 0689506   2000689506   中心书库北库/ 北库033架B面1列6层23/ [索取号:G11/2] 在馆    
山东省滨州职业学院图书馆 欢迎您!
大连网信软件有限公司© 版权所有